| 000 | 00755nam a22002177a 4500 | ||
|---|---|---|---|
| 005 | 20260429171317.0 | ||
| 008 | 260429b |||||||| |||| 00| 0 eng d | ||
| 020 | _a9789356064270 | ||
| 040 | _cVITAP | ||
| 082 |
_223 _a658.3 ROB |
||
| 100 |
_aRobbins, Stephen P. _917433 |
||
| 245 |
_aOrganizational Behavior _c/ Stephen P. Robbins |
||
| 250 | _a18th | ||
| 260 |
_aNoida _bPearson Education India Services Pvt. Ltd. _c2022 |
||
| 300 | _a796p, ill.: 25cm | ||
| 500 | _aIt include subject index pages. | ||
| 650 | 0 |
_aOrganizational Behavior, Individual Behavior, Motivation, Emotions and Moods, Attitudes and Job Satisfaction, Group Behavior etc. _917434 |
|
| 700 |
_aJudge, Timothy A. _917435 |
||
| 700 |
_aVohra, Neharika _917436 |
||
| 942 |
_2ddc _cBK |
||
| 999 |
_c47406 _d47406 |
||